000
00312nam a2200121Ia 4500
008
191201s2020 xx 000 0 und d
100
_a
SAINI, JS
245
0
_a
Textbook of Measurements and Instrumentation
260
_b
New Age International
_c
2020
300
_a
528
650
_a
B.Tech(ECE)
942
_2
ddc
_c
BK
_0
2
999
_c
7167
_d
7167